Trainning course on aquaculture methods
Saved in:
| Format: | Book |
|---|---|
| Language: | Undetermined |
| Published: |
Bangkok
1995
|
| Subjects: | |
| Tags: |
Add Tag
No Tags, Be the first to tag this record!
|
| Institutions: | Trung tâm Học liệu Trường Đại học Cần Thơ |
|---|
| LEADER | 00470nam a2200169Ia 4500 | ||
|---|---|---|---|
| 001 | CTU_149895 | ||
| 008 | 210402s9999 xx 000 0 und d | ||
| 082 | |a 338.371 | ||
| 082 | |b T768 | ||
| 245 | 0 | |a Trainning course on aquaculture methods | |
| 245 | 0 | |c Prepared by Dr. Amararatne Yakupitiyage | |
| 260 | |a Bangkok | ||
| 260 | |c 1995 | ||
| 650 | |a Aquaculture | ||
| 650 | |x Economic aspects | ||
| 904 | |i Năm | ||
| 980 | |a Trung tâm Học liệu Trường Đại học Cần Thơ | ||